|
|
|
|
| LEADER |
00000nam2a2200000 4500 |
| 001 |
350403 |
| 005 |
20240821130005.0 |
| 035 |
|
|
|a (RuTPU)RU\TPU\retro\4486
|
| 035 |
|
|
|a RU\TPU\retro\3922
|
| 090 |
|
|
|a 350403
|
| 100 |
|
|
|a 20190131d1958 k y0rusy50 ca
|
| 101 |
0 |
|
|a rus
|
| 102 |
|
|
|a RU
|
| 105 |
|
|
|a a z 001zy
|
| 200 |
0 |
|
|a № 251 : Из истории древнего мира, средних веков и нового времени
|e [сборник]
|f Ленинградский государственный университет (ЛГУ), Исторический факультет ; отв. ред. К. М. Колобова , А. Д. Люблинская
|
| 210 |
|
|
|d 1958
|
| 215 |
|
|
|a 223 с.
|c ил.
|
| 225 |
1 |
|
|a Серия исторических наук
|v Вып. 28
|
| 320 |
|
|
|a Библиогр. в тексте
|
| 461 |
|
1 |
|0 (RuTPU)RU\TPU\book\347780
|t Ученые записки [Ленинградского государственного университета]
|o сборник статей
|f Ленинградский государственный университет (ЛГУ)
|v № 251 : Из истории древнего мира, средних веков и нового времени
|d 1937-
|
| 600 |
|
0 |
|a Ксенофонт
|c древнегреческий историк
|c философ
|f около 430-355/354 до н. э.
|2 stltpush
|3 (RuTPU)RU\TPU\pers\607
|9 283
|
| 606 |
1 |
|
|a Древний мир
|x История
|2 stltpush
|3 (RuTPU)RU\TPU\subj\58991
|9 76659
|
| 606 |
1 |
|
|a Средние века
|x История
|2 stltpush
|3 (RuTPU)RU\TPU\subj\59051
|9 76699
|
| 606 |
|
|
|a Всеобщая история
|7 ca
|8 rus
|z 16 в. - 1918
|2 stltpush
|3 (RuTPU)RU\TPU\subj\59016
|9 76683
|
| 610 |
1 |
|
|a этруски
|
| 610 |
1 |
|
|a Римская империя
|
| 610 |
1 |
|
|a Франция
|
| 610 |
1 |
|
|a Польша
|
| 610 |
1 |
|
|a мануфактурное производство
|
| 610 |
1 |
|
|a Италия
|
| 610 |
1 |
|
|a Германия
|
| 686 |
|
|
|a Т3(0)3
|v LBC/SL-A
|2 rubbk
|
| 686 |
|
|
|a Т3(0)4
|v LBC/SL-A
|2 rubbk
|
| 686 |
|
|
|a Т3(0)5
|v LBC/SL-A
|2 rubbk
|
| 702 |
|
1 |
|a Колобова
|b К. М.
|4 340
|
| 702 |
|
1 |
|a Люблинская
|b А. Д.
|4 340
|
| 712 |
0 |
2 |
|a Ленинградский государственный университет (ЛГУ)
|b Исторический факультет
|c (1924-1991)
|2 stltpush
|3 (RuTPU)RU\TPU\col\77
|
| 801 |
|
1 |
|a RU
|b 63413507
|c 20181210
|
| 801 |
|
2 |
|a RU
|b 63413507
|c 20190131
|g RCR
|
| 942 |
|
|
|c BK
|